000
00224 a2200097 4500
001
13537
100
_a
Morgenthau H.J
245
_a
Politics among nations
260
_a
New York
_b
Alfred A Knopf Inc
_c
090
_c
10540
_d
10540
942
_a
NUST-CAE
_c
M
_c
604
999
_c
248610
_d
248610